Normal view MARC view

Entry Personal Name

Number of records used in: 2

001 - CONTROL NUMBER

  • control field: 21191

003 - CONTROL NUMBER IDENTIFIER

  • control field: dpl

005 - DATE AND TIME OF LATEST TRANSACTION

  • control field: 20100922151726.0

008 - FIXED-LENGTH DATA ELEMENTS

  • fixed length control field: 100922|||a|||||| | ||| d

040 ## - CATALOGING SOURCE

  • Original cataloging agency: dpl
  • Transcribing agency: dpl

100 ## - HEADING--PERSONAL NAME

  • Personal name: Ahmed Hussain

670 ## - SOURCE DATA FOUND

  • Source citation: Work cat.: (dpl): Ahmed Hussain 1184, Noor-E-Islam /, 1982

670 ## - SOURCE DATA FOUND

  • Source citation: Work cat.: (dpl): Ahmed Hussain 1184, Noor-E-Islam /, 1982

© Delhi Public Library
Hit Counter
free hit counter